000 00839nam a22002297a 4500
001 55180
003 BD-RjUL
005 20211209080228.0
008 161114s1963 ii ||||| |||| 00| 0 ben d
020 _c: IRs 3.00
035 _a(BD-RjUL)55302
040 _aBD-RjUL
_bben
_cBD-RjUL
041 _aben
082 _223
_a891.44108
_bAHA 1963
100 _aআহসান, সৈয়দ আলী
_9164424
245 1 0 _aআধুনিক কাব্য-সংগ্রহ /
_cসৈয়দ আলী আহসান
260 _aঢাকা :
_bবাংলা একাডেমী,
_c১৯৬৩ [১৩৭০]
300 _a২৪০ পৃ. ;
_c২১ সেম, .
650 _aবাংলা কবিতা
_xসংগ্রহ
_9126131
650 _aBengali Poetry
_xCollections
_9137130
942 _2ddc
_cBK
999 _c55180
_d55180